000 00962nam a2200277Ia 4500
003 OSt
005 20221005044007.0
006 a|||||r|||| 00| 0
007 ta
008 221004b |||||||| |||| 00| 0 eng d
020 _a9781119167907 (pbk)
_cUSD 19.95
024 _a65977
037 _b1108396, 29/01/2020, Atlantic Publisher & Dist. Pvt Ltd.
_cTextual
040 _aCRL
_cCRL
_beng
041 _2eng
_aeng
082 _aR85, Q9
100 _aArp Robert Ed.
_9470952
245 0 _aBad arguments 100
_b of the most important fallacies in western philosophy
260 _aHoboken
_bWiley Blackwell USA
_c2019
300 _axviii,431p.
_ccm.
650 _aWESTERN PHILOSOPHY
700 _a Barbone Steven Ed.
_9470953
700 _a Bruce Michael Ed.
_9470954
942 _hR85, Q9
_cTEXL
_2cc
999 _c952724
_d952724